|
|
|
|
| LEADER |
00000nab a2200000 a 4500 |
| 001 |
vtls000191920 |
| 003 |
SK-MaSNL |
| 005 |
20260303101124.0 |
| 008 |
111106c1984 xo 0 slo |
| 015 |
|
|
|a SNBRB19rr/mm-uuuuu
|
| 035 |
|
|
|a CL0202033
|
| 040 |
|
|
|a SNKBUCL
|b slo
|c SNKBUCL
|e AACR2
|
| 041 |
0 |
|
|a slo
|
| 044 |
|
|
|a xo
|c SK
|
| 080 |
|
|
|a 885.4-1
|2 1981
|
| 080 |
|
|
|a 784.66
|2 1981
|
| 100 |
1 |
|
|a Grünner, Tibor,
|d 1927-2016
|4 aut
|9 197027
|
| 245 |
1 |
0 |
|a Kroky k mieru
|c Tibor Grünner ; M. Buzoga
|
| 300 |
|
|
|b Fot. 1.
|
| 500 |
|
|
|a Noty.
|
| 650 |
0 |
7 |
|a populárne piesne
|2 snkbucl
|9 3446
|
| 655 |
|
7 |
|a články z novín a časopisov
|2 snkbucl
|9 267496
|
| 655 |
|
7 |
|a články z odboru literárna veda a krásna literatúra
|2 snkbucl
|9 770045
|
| 700 |
1 |
|
|a Buzoga, Michal,
|d 1933-
|4 gup
|9 38790
|
| 773 |
0 |
|
|t Rozhlas
|g Č. 36 (1984), s. 17
|
| 850 |
|
|
|a Slovenská národná knižnica v Martine
|a MTA001
|
| 852 |
|
|
|a SNK
|b KIS3GCP
|
| 958 |
|
|
|a RK
|
| 958 |
|
|
|a LX
|
| 992 |
|
|
|a RBX
|
| 999 |
|
|
|c 1837021
|d 1838951
|